[Event "SR 2. liga A 2018/2019"]
[Site "?"]
[Date "2019.02.03"]
[Round "7.6"]
[White "Kosnac, Patrik"]
[Black "Sturdik, Igor"]
[Result "1-0"]
[WhiteElo "1934"]
[BlackElo "1963"]
[PlyCount "75"]
[EventDate "2018.??.??"]
[WhiteTeam "KS Pezinok"]
[BlackTeam "Lokomotiva Trnava"]

1. d4 Nf6 2. c4 c5 3. e3 e6 4. Nc3 d5 5. Nf3 Nc6 6. Bd3 cxd4 7. exd4 dxc4 8.
Bxc4 Be7 9. O-O O-O 10. Bf4 a6 11. a4 Nb4 12. Qb3 Bd7 13. Be5 Bc6 14. Bxf6 gxf6
15. Ne2 b5 16. Bd3 bxa4 17. Qd1 Nxd3 18. Qxd3 Kh8 19. Rfc1 Bb5 20. Qe3 Rg8 21.
Nc3 Rc8 22. Nxa4 Rxc1+ 23. Qxc1 Qd5 24. Qe3 Bc6 25. Kh1 Qa5 26. Qc3 Qb5 27. Nc5
Bxf3 28. gxf3 Qe2 29. Ne4 Bb4 30. Qb3 a5 31. Rg1 f5 32. Ng5 Rg7 33. Qa4 Kg8 34.
Qe8+ Bf8 35. d5 h6 36. dxe6 hxg5 37. exf7+ Kh7 38. Qxe2 1-0

[Event "SR 2. liga A 2018/2019"]
[Site "?"]
[Date "2019.02.03"]
[Round "7.7"]
[White "Doucha, Ludvig"]
[Black "Petrigacova, Daniela"]
[Result "1-0"]
[WhiteElo "1829"]
[BlackElo "1811"]
[PlyCount "67"]
[EventDate "2018.??.??"]
[WhiteTeam "Lokomotiva Trnava"]
[BlackTeam "KS Pezinok"]

1. Nf3 g6 2. d4 Bg7 3. e4 d6 4. c4 Nf6 5. Nc3 O-O 6. Be2 c5 7. d5 Na6 8. O-O
Nd7 9. Nd2 Nb6 10. f4 Bd4+ 11. Kh1 f5 12. Nf3 Bxc3 13. bxc3 e6 14. a4 Qe7 15.
e5 dxe5 16. fxe5 f4 17. d6 Qg7 18. Bd3 g5 19. Qe2 Nd7 20. Re1 g4 21. Ng1 Rb8
22. Qe4 Qh6 23. Ne2 b6 24. Bxf4 Qh5 25. Ng3 Qh4 26. Qe3 Bb7 27. Ra2 Qd8 28. Bh6
Rf7 29. Rf2 Rxf2 30. Qxf2 Qh4 31. Qe3 Bc6 32. Bg5 Qh3 33. Be4 Bxe4 34. Qxe4 1-0

[Event "SR 2. liga A 2018/2019"]
[Site "?"]
[Date "2019.02.03"]
[Round "7.8"]
[White "Scepan, Juraj"]
[Black "Bahna, Jan"]
[Result "1-0"]
[WhiteElo "1733"]
[BlackElo "1838"]
[PlyCount "69"]
[EventDate "2018.??.??"]
[WhiteTeam "KS Pezinok"]
[BlackTeam "Lokomotiva Trnava"]

1. e4 e5 2. Nf3 Nc6 3. d4 exd4 4. Nxd4 Nf6 5. Bg5 Be7 6. Nf5 O-O 7. Nxe7+ Qxe7
8. Bd3 h6 9. Bxf6 Qxf6 10. Nc3 d6 11. Qd2 Ne5 12. Be2 a6 13. Nd5 Qd8 14. f4 Nc6
15. O-O-O Re8 16. Bf3 Rb8 17. g4 Ne7 18. Nxe7+ Qxe7 19. h4 Bd7 20. e5 Rbd8 21.
exd6 cxd6 22. Rde1 Qf6 23. g5 Rxe1+ 24. Rxe1 hxg5 25. hxg5 Qg6 26. Rh1 Bc6 27.
Bxc6 bxc6 28. Qh2 Kf8 29. Qh8+ Ke7 30. Re1+ Kd7 31. Qh3+ Kc7 32. Re7+ Kb6 33.
Qe3+ c5 34. Qb3+ Kc6 35. Qb7# 1-0

[Event "SR 2. liga A 2018/2019"]
[Site "?"]
[Date "2019.02.03"]
[Round "7.1"]
[White "Farkas, Gabor"]
[Black "Banas, Kamil"]
[Result "0-1"]
[WhiteElo "2365"]
[BlackElo "2245"]
[PlyCount "104"]
[EventDate "2018.??.??"]
[WhiteTeam "SK Senec"]
[BlackTeam "SK Modra B"]

1. d4 d5 2. c4 e6 3. Nc3 Nf6 4. Nf3 Be7 5. e3 O-O 6. Qc2 b6 7. cxd5 exd5 8. Bd3
Ba6 9. O-O Bxd3 10. Qxd3 c6 11. Ne5 Nfd7 12. Nxd7 Nxd7 13. b3 f5 14. a4 Bd6 15.
Ba3 Bxa3 16. Rxa3 Qe7 17. Ra2 Rf6 18. Rc2 Raf8 19. Rfc1 Rh6 20. Ne2 Nb8 21. Ng3
Qh4 22. h3 Qf6 23. b4 g5 24. b5 f4 25. bxc6 fxg3 26. c7 gxf2+ 27. Kf1 Nc6 28.
Qb5 Qf5 29. c8=Q Rxc8 30. Rxc6 Rhxc6 31. Rxc6 Rd8 32. Qe2 Rf8 33. Qc2 Qf7 34.
Rc7 Qh5 35. Rc8 Qf7 36. Rxf8+ Kxf8 37. e4 dxe4 38. Qxe4 Qe7 39. Qa8+ Kg7 40.
Kxf2 Qf8+ 41. Qxf8+ Kxf8 42. Kf3 Ke7 43. g3 a6 44. h4 h6 45. Ke4 Kd6 46. hxg5
hxg5 47. g4 b5 48. a5 b4 49. Kd3 Kd5 50. Kc2 Kxd4 51. Kb3 Kc5 52. Ka4 b3 0-1

[Event "SR 2. liga A 2018/2019"]
[Site "?"]
[Date "2019.02.03"]
[Round "7.2"]
[White "Federic, Jozef"]
[Black "Balogh, Peter"]
[Result "1/2-1/2"]
[WhiteElo "2218"]
[BlackElo "2267"]
[PlyCount "89"]
[EventDate "2018.??.??"]
[WhiteTeam "SK Modra B"]
[BlackTeam "SK Senec"]

1. d4 Nf6 2. g3 g6 3. Bg2 Bg7 4. e4 d6 5. Ne2 O-O 6. O-O e5 7. dxe5 dxe5 8.
Nbc3 c6 9. Qxd8 Rxd8 10. Be3 Nbd7 11. Rad1 Re8 12. Bh3 Nb6 13. Bxc8 Raxc8 14.
b3 Rcd8 15. f3 Bf8 16. Nc1 Bb4 17. N3e2 Nbd7 18. Nd3 Bd6 19. Kg2 b6 20. a4 Kg7
21. Rd2 Nf8 22. Rfd1 Ne6 23. Nb2 Bc7 24. Nc4 Rxd2 25. Rxd2 Rd8 26. Rxd8 Nxd8
27. Nc1 Nd7 28. Nd3 b5 29. Ncb2 a5 30. Nc5 Nxc5 31. Bxc5 Ne6 32. Nd3 f6 33. Kf1
Kf7 34. Ke2 Ke8 35. c3 Kd7 36. Be3 Bd6 37. Kd2 Kc7 38. Kc2 Kb7 39. c4 b4 40.
Kd2 Kc7 41. Ke2 Kd7 42. f4 exf4 43. gxf4 f5 44. Kf3 c5 45. Nc1 1/2-1/2

[Event "SR 2. liga A 2018/2019"]
[Site "?"]
[Date "2019.02.03"]
[Round "7.3"]
[White "Takacs, Laszlo"]
[Black "Federic, Pavol"]
[Result "1-0"]
[WhiteElo "2305"]
[BlackElo "2125"]
[PlyCount "85"]
[EventDate "2018.??.??"]
[WhiteTeam "SK Senec"]
[BlackTeam "SK Modra B"]

1. e4 e5 2. Nf3 Nc6 3. Bb5 a6 4. Ba4 Nf6 5. O-O Nxe4 6. Re1 Nc5 7. Bxc6 dxc6 8.
d4 Ne6 9. Nxe5 Be7 10. Be3 O-O 11. c3 f6 12. Nd3 Ng5 13. Bxg5 fxg5 14. Qb3+ Kh8
15. Ne5 Qd5 16. Qxd5 cxd5 17. Ng6+ hxg6 18. Rxe7 Bf5 19. Nd2 Rae8 20. Rae1 Rxe7
21. Rxe7 g4 22. Nf1 Rc8 23. Ne3 c5 24. dxc5 Rxc5 25. Re8+ Kh7 26. Rd8 Be6 27.
a3 a5 28. Rd6 Rc6 29. Rxc6 bxc6 30. Kf1 Kg8 31. b4 axb4 32. cxb4 Kf7 33. Ke2
Ke7 34. Kd3 Kd6 35. Kd4 Bc8 36. a4 Bd7 37. a5 Bc8 38. Nd1 Ba6 39. Nb2 Bb5 40.
Nd3 Ke6 41. Nc5+ Kd6 42. a6 Kc7 43. a7 1-0

[Event "SR 2. liga A 2018/2019"]
[Site "?"]
[Date "2019.02.03"]
[Round "7.4"]
[White "Mydlarik, Martin"]
[Black "Gruca, Miroslav"]
[Result "1/2-1/2"]
[WhiteElo "2115"]
[BlackElo "2177"]
[PlyCount "58"]
[EventDate "2018.??.??"]
[WhiteTeam "SK Modra B"]
[BlackTeam "SK Senec"]

1. c4 b6 2. Nc3 Bb7 3. e4 e6 4. d4 Bb4 5. f3 Ne7 6. Bd3 f5 7. Bg5 Bxc3+ 8. bxc3
O-O 9. exf5 exf5 10. Ne2 Nbc6 11. O-O Qe8 12. Qc2 Qf7 13. Rae1 h6 14. Bf4 Rac8
15. d5 Na5 16. Nd4 d6 17. Re6 Rce8 18. Rfe1 Bc8 19. Nb5 Bxe6 20. dxe6 Qh5 21.
Nxc7 Rd8 22. Nb5 Nb7 23. Qf2 g5 24. Bc1 Nc5 25. Bf1 Qg6 26. Nc7 Qg7 27. Nd5
Rde8 28. Nc7 Rc8 29. Nd5 Rce8 1/2-1/2

[Event "SR 2. liga A 2018/2019"]
[Site "?"]
[Date "2019.02.03"]
[Round "7.5"]
[White "Koloditsova, Renata"]
[Black "Sobek, Michal"]
[Result "0-1"]
[WhiteElo "1934"]
[BlackElo "2083"]
[PlyCount "68"]
[EventDate "2018.??.??"]
[WhiteTeam "SK Senec"]
[BlackTeam "SK Modra B"]

1. d4 Nf6 2. c4 c5 3. d5 b5 4. cxb5 a6 5. bxa6 g6 6. Nc3 Bg7 7. Nf3 O-O 8. g3
d6 9. a4 Nxa6 10. e4 Nb4 11. Be2 Bb7 12. O-O Qc8 13. Nd2 Ba6 14. Bxa6 Qxa6 15.
Nb5 Rab8 16. Ra3 e6 17. dxe6 fxe6 18. e5 dxe5 19. Nc4 Rbd8 20. Qe2 e4 21. Bg5
Qc6 22. Bxf6 Bxf6 23. Re3 Qa8 24. a5 Bd4 25. Rxe4 Qc6 26. Nb6 Rf6 27. Nxd4 cxd4
28. Re1 d3 29. Qd2 Nc2 30. Rc4 Nxe1 31. Qxe1 Qf3 32. Rc8 Rxc8 33. Nxc8 Qe2 34.
Ne7+ Kf7 0-1

[Event "SR 2. liga A 2018/2019"]
[Site "?"]
[Date "2019.02.03"]
[Round "7.6"]
[White "Mruskovic, Radoslav"]
[Black "Lesny, Stefan"]
[Result "1/2-1/2"]
[WhiteElo "1985"]
[BlackElo "2019"]
[PlyCount "36"]
[EventDate "2018.??.??"]
[WhiteTeam "SK Modra B"]
[BlackTeam "SK Senec"]

1. e4 e5 2. Nf3 Nc6 3. Bb5 d6 4. O-O Bd7 5. c3 Nf6 6. Re1 Be7 7. d4 O-O 8. Nbd2
a6 9. Bxc6 Bxc6 10. dxe5 dxe5 11. Nxe5 Bxe4 12. Qb3 Bd5 13. c4 Bc6 14. Nxc6
bxc6 15. Qf3 Qd7 16. a3 Rfe8 17. Ne4 Nxe4 18. Rxe4 Bf6 1/2-1/2

[Event "SR 2. liga A 2018/2019"]
[Site "?"]
[Date "2019.02.03"]
[Round "7.7"]
[White "Ujhelyi, Matus"]
[Black "Sustak, Roman"]
[Result "0-1"]
[WhiteElo "1903"]
[BlackElo "1917"]
[PlyCount "102"]
[EventDate "2018.??.??"]
[WhiteTeam "SK Senec"]
[BlackTeam "SK Modra B"]

1. e4 c6 2. d4 d5 3. exd5 cxd5 4. Bd3 Nf6 5. Ne2 Na6 6. c3 Nc7 7. O-O Bg4 8.
Qb3 Bxe2 9. Bxe2 b6 10. Bf4 e6 11. Nd2 Bd6 12. Bg5 O-O 13. Nf3 h6 14. Be3 b5
15. Ne5 Qe8 16. Qc2 Nd7 17. Bf4 a6 18. Bd3 Nxe5 19. dxe5 Bc5 20. Qd2 f5 21.
exf6 e5 22. fxg7 Rxf4 23. Rae1 Rf6 24. Kh1 e4 25. a4 Qg6 26. Bc2 Qxg7 27. b4
Ba7 28. axb5 axb5 29. Bb3 Kh8 30. Ra1 e3 31. fxe3 Rxf1+ 32. Rxf1 Qg5 33. Qd3
Bxe3 34. Bc2 Qe7 35. h3 Bg5 36. Rf5 Re8 37. Qf1 Kg7 38. Qd3 Rf8 39. Rxf8 Kxf8
40. Qf5+ Bf6 41. g4 Qe1+ 42. Kg2 Qe2+ 43. Kh1 Qe7 44. Bd3 Qe1+ 45. Kg2 Qxc3 46.
h4 Qd2+ 47. Kh3 Qe3+ 48. Kg2 Ke7 49. Qh7+ Kd6 50. Bf5 Qe2+ 51. Kh3 Qf3+ 0-1

[Event "SR 2. liga A 2018/2019"]
[Site "?"]
[Date "2019.02.03"]
[Round "7.8"]
[White "Stevik, Patrik"]
[Black "Walterova, Ema"]
[Result "1-0"]
[WhiteElo "1908"]
[BlackElo "1703"]
[PlyCount "67"]
[EventDate "2018.??.??"]
[WhiteTeam "SK Modra B"]
[BlackTeam "SK Senec"]

1. e4 e5 2. Nf3 Nc6 3. Bb5 d6 4. h3 a6 5. Ba4 Nf6 6. d3 Be7 7. c3 b5 8. Bc2 O-O
9. O-O Bb7 10. Re1 Re8 11. Nbd2 Bf8 12. Nf1 Ne7 13. Bg5 Ng6 14. Ng3 h6 15. Bxf6
Qxf6 16. Nh2 d5 17. Ng4 Qb6 18. Ne3 dxe4 19. dxe4 Rad8 20. Qf3 Nf4 21. Rad1 b4
22. Nc4 Qb5 23. Bb3 bxc3 24. bxc3 Ne6 25. Qf5 Bd6 26. Rb1 Rc8 27. Qf3 Qd7 28.
Na5 c5 29. Bd5 Qc7 30. Nc4 Nf4 31. Nb6 Nxd5 32. Nxd5 Qd7 33. Nf5 Bc7 34. Nf6+
1-0

[Event "SR 2. liga A 2018/2019"]
[Site "?"]
[Date "2019.03.02"]
[Round "8.1"]
[White "Jablonicky, Martin"]
[Black "Farkas, Gabor"]
[Result "1/2-1/2"]
[WhiteElo "2308"]
[BlackElo "2361"]
[PlyCount "136"]
[EventDate "2018.??.??"]
[WhiteTeam "SK Osuske B"]
[BlackTeam "SK Senec"]

1. e4 e5 2. Nf3 Nc6 3. Bb5 a6 4. Ba4 Nf6 5. d3 b5 6. Bb3 Bc5 7. Nc3 d6 8. Nd5
h6 9. c3 O-O 10. Rg1 Ng4 11. d4 exd4 12. cxd4 Ba7 13. h3 Nf6 14. Be3 Na5 15.
Nxf6+ Qxf6 16. g4 Nxb3 17. axb3 Qe7 18. Nd2 Bb7 19. g5 h5 20. Qxh5 Bxe4 21.
Nxe4 Qxe4 22. Rg4 Qg6 23. Qxg6 fxg6 24. Rxa6 Bb6 25. Rxa8 Rxa8 26. Kd2 d5 27.
Rg1 Kf7 28. Kc3 Ba5+ 29. Kd3 Rh8 30. Ra1 Bb6 31. Kc3 Rh4 32. Ra8 b4+ 33. Kd3
Rxh3 34. Ra4 c5 35. Ra6 cxd4 36. Rxb6 dxe3 37. fxe3 Rg3 38. Rxb4 Rxg5 39. Rb6
Rg2 40. Kd4 Rd2+ 41. Ke5 g5 42. Kf5 Re2 43. Rb7+ Kf8 44. Rb8+ Ke7 45. Rb7+ Kd6
46. Rb6+ Kc5 47. Re6 Rxb2 48. Kxg5 Rxb3 49. Kf4 Rb4+ 50. Kf3 Rb7 51. Rg6 Re7
52. Kf2 Kc4 53. Rg4+ Kc5 54. Rg6 Rf7+ 55. Ke2 Kc4 56. Rc6+ Kb5 57. Rc8 Kb6 58.
Kd3 Rc7 59. Rd8 Kc5 60. e4 dxe4+ 61. Kxe4 Rf7 62. Ke5 Kc4 63. Ke4 Kc3 64. Ke3
Rf6 65. Rc8+ Kb4 66. Kd4 Kb5 67. Rg8 Rf7 68. Kd5 Rf5+ 1/2-1/2

[Event "SR 2. liga A 2018/2019"]
[Site "?"]
[Date "2019.03.02"]
[Round "8.2"]
[White "Gruca, Miroslav"]
[Black "Jozefek, Michal"]
[Result "0-1"]
[WhiteElo "2175"]
[BlackElo "2180"]
[PlyCount "50"]
[EventDate "2018.??.??"]
[WhiteTeam "SK Senec"]
[BlackTeam "SK Osuske B"]

1. b3 a5 2. a4 e5 3. Bb2 Nc6 4. e3 d6 5. Bb5 Qg5 6. Qf3 Nge7 7. h3 Be6 8. Ne2
Qg6 9. d3 f5 10. Nd2 O-O-O 11. Bxc6 Nxc6 12. O-O Qf7 13. Qg3 g5 14. f4 gxf4 15.
exf4 Rg8 16. Qf2 Qh5 17. Kh2 Bh6 18. Nc4 e4 19. Nd4 Nxd4 20. Bxd4 Bd5 21. g3
Rg6 22. Bc3 Rdg8 23. Rg1 exd3 24. cxd3 Bf8 25. Rac1 Qxh3+ 0-1

[Event "SR 2. liga A 2018/2019"]
[Site "?"]
[Date "2019.03.02"]
[Round "8.3"]
[White "Gzib, David"]
[Black "Pusec, Pavel"]
[Result "1-0"]
[WhiteElo "2073"]
[BlackElo "1928"]
[PlyCount "83"]
[EventDate "2018.??.??"]
[WhiteTeam "SK Osuske B"]
[BlackTeam "SK Senec"]

1. e4 d6 2. Nf3 Nf6 3. Nc3 g6 4. d4 Bg7 5. Bd3 O-O 6. Ne2 Bg4 7. Ng3 Nc6 8. c3
e5 9. d5 Ne7 10. h3 Bd7 11. Bg5 Kh8 12. Qc2 Nfg8 13. c4 h6 14. Bd2 f5 15. Rc1
fxe4 16. Bxe4 Bf5 17. Nh4 Bxe4 18. Qxe4 Qe8 19. O-O Qf7 20. f4 Nf5 21. fxe5
Nge7 22. Ngxf5 gxf5 23. e6 fxe4 24. Rxf7 Rxf7 25. exf7 Bxb2 26. Re1 Bd4+ 27.
Kh1 Bf6 28. Rxe4 Kg7 29. Bc3 Kxf7 30. Bxf6 Kxf6 31. Re6+ Kf7 32. Rxh6 a5 33. g4
a4 34. g5 a3 35. Rh7+ Kf8 36. Rh8+ Ng8 37. Nf5 Kf7 38. Nh6+ Kg7 39. Rxg8+ Rxg8
40. Nxg8 Kxg8 41. Kg2 c6 42. dxc6 1-0

[Event "SR 2. liga A 2018/2019"]
[Site "?"]
[Date "2019.03.02"]
[Round "8.4"]
[White "Pozsar, Peter"]
[Black "Nemeckay, Rastislav"]
[Result "0-1"]
[WhiteElo "1859"]
[BlackElo "1944"]
[PlyCount "102"]
[EventDate "2018.??.??"]
[WhiteTeam "SK Senec"]
[BlackTeam "SK Osuske B"]

1. e4 e5 2. Nf3 Nc6 3. Bb5 Nge7 4. O-O g6 5. c3 Bg7 6. d4 exd4 7. cxd4 a6 8.
Ba4 d5 9. exd5 Nxd5 10. Re1+ Kf8 11. Bxc6 bxc6 12. Qc2 Bb7 13. a3 f6 14. Nc3
Kf7 15. Bd2 Qd7 16. Na4 Rae8 17. Nc5 Qc8 18. Rxe8 Rxe8 19. Re1 Rxe1+ 20. Nxe1
Bf8 21. Ned3 Qa8 22. Qc1 Bc8 23. Qc4 Bd6 24. Ne4 Bf5 25. Ndc5 Bxe4 26. Nxe4 Qb7
27. b4 Qb5 28. Qxb5 cxb5 29. Kf1 Ke6 30. Be3 Nb6 31. Nc3 c6 32. h3 f5 33. Ke1
Na4 34. Ne2 Kd5 35. Kd2 Kc4 36. Kc2 Nb6 37. g4 Kd5 38. Kd3 Nc4 39. Bc1 Ke6 40.
f3 fxg4 41. fxg4 a5 42. Kc3 axb4+ 43. axb4 Kd5 44. Bf4 Ke4 45. Bxd6 Nxd6 46.
Kd2 Nc4+ 47. Kc3 Nb6 48. h4 Nd5+ 49. Kb3 Kf3 50. Nc3 Nxc3 51. Kxc3 Ke4 0-1

[Event "SR 2. liga A 2018/2019"]
[Site "?"]
[Date "2019.03.02"]
[Round "8.5"]
[White "Diviak, Rastislav"]
[Black "Ujhelyi, Matus"]
[Result "1-0"]
[WhiteElo "1991"]
[BlackElo "1904"]
[PlyCount "95"]
[EventDate "2018.??.??"]
[WhiteTeam "SK Osuske B"]
[BlackTeam "SK Senec"]

1. e4 e5 2. Nf3 Nc6 3. Bb5 a6 4. Ba4 Nf6 5. O-O Nxe4 6. d4 b5 7. Bb3 d5 8. dxe5
Be6 9. c3 Be7 10. Nbd2 Nc5 11. Bc2 Bg4 12. Qe1 O-O 13. Nd4 Nxd4 14. cxd4 Ne6
15. Nb3 c5 16. dxc5 Bh5 17. f4 a5 18. f5 a4 19. fxe6 axb3 20. exf7+ Bxf7 21.
Bxb3 Bxc5+ 22. Be3 d4 23. Rxf7 Rxf7 24. Bxf7+ Kxf7 25. Qf1+ Kg8 26. Qxb5 dxe3
27. Qc4+ Kh8 28. Qxc5 Qd2 29. Rf1 h6 30. Qc3 Qxc3 31. bxc3 e2 32. Re1 Rxa2 33.
Kf2 Rc2 34. e6 Rxc3 35. Rxe2 Rc8 36. Kf3 Kg8 37. Ke4 Kf8 38. Kd5 Rd8+ 39. Ke5
Ra8 40. Rf2+ Ke8 41. Rc2 Kd8 42. Kd6 Ke8 43. Rc7 Ra6+ 44. Rc6 Ra8 45. e7 Rb8
46. Ke6 g5 47. Rd6 g4 48. Rd8+ 1-0

[Event "SR 2. liga A 2018/2019"]
[Site "?"]
[Date "2019.03.02"]
[Round "8.6"]
[White "Cibik, Jan"]
[Black "Pericka, Tomas"]
[Result "0-1"]
[WhiteElo "1883"]
[BlackElo "1961"]
[PlyCount "76"]
[EventDate "2018.??.??"]
[WhiteTeam "SK Senec"]
[BlackTeam "SK Osuske B"]

1. e4 c5 2. Nf3 Nc6 3. d4 cxd4 4. Nxd4 g6 5. Be3 Bg7 6. Nc3 Nf6 7. Be2 O-O 8.
Qd2 d5 9. exd5 Nb4 10. O-O Nbxd5 11. Nxd5 Nxd5 12. Bh6 e5 13. Bxg7 Kxg7 14. Nb5
Nf4 15. Qe3 Qg5 16. g3 Nxe2+ 17. Qxe2 Bh3 18. Rfe1 e4 19. Nd6 f5 20. Qb5 Qe7
21. Qc5 Qf6 22. Red1 Bg4 23. Rd4 b6 24. Qc4 Rad8 25. c3 Kh6 26. Qc7 Bf3 27. h4
f4 28. Nxe4 Bxe4 29. Rxe4 fxg3 30. Qxg3 Rd5 31. Rae1 Rf5 32. R1e2 Rf3 33. Qh2
Qf5 34. Kf1 Rh3 35. Qg2 Rd8 36. Re1 Rd2 37. Re5 Rh1+ 38. Qxh1 Qxf2# 0-1

[Event "SR 2. liga A 2018/2019"]
[Site "?"]
[Date "2019.03.02"]
[Round "8.7"]
[White "Valigursky, Michal"]
[Black "Halasz, Adam"]
[Result "1-0"]
[WhiteElo "1661"]
[BlackElo "1765"]
[PlyCount "111"]
[EventDate "2018.??.??"]
[WhiteTeam "SK Osuske B"]
[BlackTeam "SK Senec"]

1. e4 e5 2. Nf3 Nf6 3. Nxe5 d6 4. Nf3 Nxe4 5. d3 Nf6 6. d4 Be7 7. Be2 O-O 8.
O-O Nc6 9. Bf4 Bf5 10. Nc3 Nb4 11. Rc1 Nfd5 12. Nxd5 Nxd5 13. Qd2 Bg4 14. Rb1
Re8 15. Rfe1 Bf6 16. h3 Bf5 17. Rbc1 Re4 18. Bg5 Qd7 19. c4 Ne7 20. Bxf6 gxf6
21. Bd3 Rxe1+ 22. Rxe1 Bxd3 23. Qxd3 Qf5 24. Qb3 Ng6 25. Qxb7 Qc8 26. Qc6 Rb8
27. c5 Kg7 28. b3 Qb7 29. Qd7 Qc8 30. Qa4 Qb7 31. Rc1 Nf4 32. Re1 Nxh3+ 33.
gxh3 Qxf3 34. Re3 Qb7 35. Rg3+ Kf8 36. Qd7 Qc8 37. Qa4 Qb7 38. c6 Qb6 39. d5
Qb4 40. Qxa7 Qe1+ 41. Kh2 Rc8 42. Qe3 Qxe3 43. Rxe3 Ra8 44. a4 Ra5 45. Rd3 Kg7
46. Kg3 Rc5 47. b4 Rc4 48. Rb3 Rd4 49. a5 Rxd5 50. a6 Re5 51. a7 Re8 52. b5 Ra8
53. b6 cxb6 54. c7 Kf8 55. Rxb6 Ke7 56. Rb8 1-0

[Event "SR 2. liga A 2018/2019"]
[Site "?"]
[Date "2019.03.02"]
[Round "8.8"]
[White "Lacko, Anton"]
[Black "Vozarova, Adriana"]
[Result "1-0"]
[WhiteElo "1839"]
[BlackElo "1616"]
[PlyCount "47"]
[EventDate "2018.??.??"]
[WhiteTeam "SK Senec"]
[BlackTeam "SK Osuske B"]

1. e4 c5 2. Nf3 Nc6 3. d4 cxd4 4. Nxd4 g6 5. Nc3 Bg7 6. Be3 Nf6 7. Be2 O-O 8.
Qd2 d5 9. Nxc6 bxc6 10. e5 Nd7 11. f4 Rb8 12. Rb1 Nb6 13. O-O Qc7 14. Bc5 Rd8
15. Qe3 Bf5 16. Rbc1 Bf8 17. g4 Bc8 18. b3 a6 19. f5 e6 20. Bxf8 Rxf8 21. f6
Kh8 22. Rf3 Nd7 23. Qh6 Rg8 24. Qxh7+ 1-0

[Event "SR 2. liga A 2018/2019"]
[Site "?"]
[Date "2019.03.02"]
[Round "8.1"]
[White "Danada, Tomas"]
[Black "Lanc, Alois"]
[Result "1-0"]
[WhiteElo "2221"]
[BlackElo "2278"]
[PlyCount "133"]
[EventDate "2018.??.??"]
[WhiteTeam "SK Nafta Gbely"]
[BlackTeam "Lokomotiva Trnava"]

1. d4 Nf6 2. c4 d6 3. Nc3 e5 4. Nf3 Nbd7 5. g3 g6 6. Bg2 Bg7 7. O-O O-O 8. h3
c6 9. e4 Re8 10. Qc2 exd4 11. Nxd4 Nc5 12. Rd1 Qe7 13. f3 Qf8 14. Nde2 Nfd7 15.
b4 Ne6 16. Rb1 Ne5 17. Qb3 c5 18. b5 Nd7 19. Be3 Nb6 20. f4 Nc7 21. g4 Be6 22.
Nd5 Ncxd5 23. cxd5 Bc8 24. Ng3 Qe7 25. Re1 Bf6 26. g5 Bg7 27. a4 Nd7 28. h4 a6
29. b6 a5 30. Bf1 Nb8 31. Bd2 Bd7 32. Kg2 Na6 33. Bc4 Nb4 34. Re2 f6 35. Rf1
Rf8 36. Bc3 fxg5 37. Bxg7 Qxg7 38. hxg5 h6 39. gxh6 Qxh6 40. f5 gxf5 41. exf5
Rae8 42. Qf3 Rxe2+ 43. Qxe2 Qg5 44. Qe4 Re8 45. Qf4 Qxf4 46. Rxf4 Bxa4 47. f6
Ra8 48. f7+ Kf8 49. Ne4 Ke7 50. Nxd6 Kxd6 51. f8=Q+ Rxf8 52. Rxf8 Bd7 53. Rd8
Ke7 54. Rb8 Kd6 55. Rxb7 Bf5 56. Kf3 Nxd5 57. Bxd5 Kxd5 58. Re7 Bc8 59. b7 Bxb7
60. Rxb7 Kc4 61. Ke2 Kc3 62. Kd1 a4 63. Kc1 a3 64. Kb1 c4 65. Ka2 Kc2 66. Kxa3
c3 67. Rc7 1-0

[Event "SR 2. liga A 2018/2019"]
[Site "?"]
[Date "2019.03.02"]
[Round "8.2"]
[White "Kavon, Rastislav"]
[Black "Matejovic, Juraj"]
[Result "0-1"]
[WhiteElo "2184"]
[BlackElo "2235"]
[PlyCount "76"]
[EventDate "2018.??.??"]
[WhiteTeam "Lokomotiva Trnava"]
[BlackTeam "SK Nafta Gbely"]

1. e4 {0} c5 2. Nf3 e6 3. d4 cxd4 4. Nxd4 Nc6 5. Nc3 Nf6 6. Nxc6 bxc6 7. e5 Nd5
8. Ne4 Qc7 9. f4 Qb6 10. Ke2 f5 11. exf6 Nxf6 12. Nxf6+ gxf6 13. Be3 Bc5 14.
Bxc5 Qxc5 15. Qd2 Qb5+ 16. Kf3 Qxb2 17. Bd3 Qa3 18. Rhe1 O-O 19. Re3 Qc5 20.
Ke2 Rf7 21. g4 Rb8 22. Rg3 Rb2 23. Rc1 Qb4 24. Qe3 Qb6 25. Qf3 Ba6 26. g5 Bxd3+
27. Qxd3 Qb5 28. Qxb5 Rxb5 29. gxf6+ Kf8 30. Rcg1 Rxf6 31. Rg7 Rf7 32. Rxf7+
Kxf7 33. Rg3 Ra5 34. a3 Kf6 35. Kd2 Rd5+ 36. Ke2 Rh5 37. h3 Ra5 38. Kd2 Ra4 0-1

[Event "SR 2. liga A 2018/2019"]
[Site "?"]
[Date "2019.03.02"]
[Round "8.3"]
[White "Lintner, Igor"]
[Black "Veselsky, Jozef"]
[Result "1-0"]
[WhiteElo "2199"]
[BlackElo "2169"]
[PlyCount "65"]
[EventDate "2018.??.??"]
[WhiteTeam "SK Nafta Gbely"]
[BlackTeam "Lokomotiva Trnava"]

1. e4 c5 2. Nf3 Nc6 3. d4 cxd4 4. Nxd4 g6 5. c4 Bg7 6. Nc2 Nf6 7. Nc3 d6 8. Be2
O-O 9. O-O Bd7 10. Be3 a6 11. f3 Rb8 12. Qd2 Ne5 13. a4 Qc7 14. b3 b6 15. Nb4
Bc8 16. Ncd5 Nxd5 17. cxd5 a5 18. Rfc1 Qd8 19. Nc6 Nxc6 20. dxc6 Qc7 21. Rab1
Be6 22. b4 axb4 23. Rxb4 Qa7 24. Qd3 Rfc8 25. Qa6 Rc7 26. Rxb6 Qxa6 27. Rxb8+
Qc8 28. Rxc8+ Rxc8 29. Ba6 Re8 30. c7 Bc8 31. Bxc8 Rxc8 32. Rb1 Bf8 33. Rb8 1-0

[Event "SR 2. liga A 2018/2019"]
[Site "?"]
[Date "2019.03.02"]
[Round "8.4"]
[White "Puchart, Vladimir"]
[Black "Sosovicka, Juraj"]
[Result "1/2-1/2"]
[WhiteElo "2018"]
[BlackElo "2135"]
[PlyCount "66"]
[EventDate "2018.??.??"]
[WhiteTeam "Lokomotiva Trnava"]
[BlackTeam "SK Nafta Gbely"]

1. d4 d5 2. c4 c6 3. Nc3 Nf6 4. Nf3 e6 5. Bg5 Nbd7 6. e3 Qa5 7. Bxf6 Nxf6 8.
Bd3 Bb4 9. Qb3 dxc4 10. Bxc4 O-O 11. O-O Bxc3 12. bxc3 Ne4 13. Rac1 b6 14. Rfd1
Nd6 15. Bd3 Bb7 16. Ne5 Rfd8 17. Qb4 Qxb4 18. cxb4 Rdc8 19. Rc2 f6 20. Nc4 Nxc4
21. Bxc4 Kf7 22. Rdc1 Ke7 23. Bd3 f5 24. Be2 a5 25. a3 axb4 26. axb4 Ba6 27.
Bxa6 Rxa6 28. b5 Ra7 29. bxc6 Rac7 30. h4 Kd6 31. Rb1 Rb8 32. Rbc1 Rbc8 33. Rb1
Rb8 1/2-1/2

[Event "SR 2. liga A 2018/2019"]
[Site "?"]
[Date "2019.03.02"]
[Round "8.5"]
[White "Travnicek, Petr"]
[Black "Szitkey, Milan"]
[Result "1/2-1/2"]
[WhiteElo "2108"]
[BlackElo "2061"]
[PlyCount "98"]
[EventDate "2018.??.??"]
[WhiteTeam "SK Nafta Gbely"]
[BlackTeam "Lokomotiva Trnava"]

1. d4 d5 2. c4 e6 3. Nc3 a6 4. cxd5 exd5 5. Bf4 Nf6 6. Nf3 Bd6 7. Bxd6 Qxd6 8.
e3 Bf5 9. Bd3 Bxd3 10. Qxd3 O-O 11. O-O Nbd7 12. Rac1 Rfe8 13. Qf5 c6 14. Nd2
Re6 15. Ne2 Ne4 16. Nxe4 Rxe4 17. Nf4 Rae8 18. Rc3 h6 19. Rb3 Qc7 20. Rc1 g6
21. Nxd5 gxf5 22. Nxc7 Rb8 23. d5 c5 24. d6 f4 25. Nd5 fxe3 26. Rxe3 Rxe3 27.
fxe3 f6 28. Rc4 b5 29. Rh4 Kg7 30. Re4 Ne5 31. Nc7 Kf7 32. Nxa6 Rb6 33. Nxc5
Rxd6 34. Rb4 Rd1+ 35. Kf2 Rc1 36. Nb3 Rc2+ 37. Kg3 Rxb2 38. Rxb5 Rxa2 39. Nd4
Nc4 40. Nf5 Kg6 41. e4 Nd2 42. Kf4 Nf1 43. Rb7 Rf2+ 44. Kg4 Rxg2+ 45. Kf3 Rxh2
46. Rg7+ Kh5 47. Rh7 Kg6 48. Rg7+ Kh5 49. Rh7 Kg6 1/2-1/2

[Event "SR 2. liga A 2018/2019"]
[Site "?"]
[Date "2019.03.02"]
[Round "8.6"]
[White "Sturdik, Igor"]
[Black "Brunovsky, Peter"]
[Result "1/2-1/2"]
[WhiteElo "1965"]
[BlackElo "1891"]
[PlyCount "40"]
[EventDate "2018.??.??"]
[WhiteTeam "Lokomotiva Trnava"]
[BlackTeam "SK Nafta Gbely"]

1. e4 c6 2. d4 d5 3. Nc3 dxe4 4. Nxe4 Nf6 5. Nxf6+ gxf6 6. Bf4 Bf5 7. Nf3 e6 8.
Bd3 Bg4 9. h3 Bh5 10. Be2 Bd6 11. Qd2 Qc7 12. Bxd6 Qxd6 13. O-O-O Nd7 14. Rhe1
Bg6 15. Nh4 O-O-O 16. Qe3 Qd5 17. Kb1 Nb6 18. Nxg6 hxg6 19. Bf3 Qd6 20. Qb3 Rh4
1/2-1/2